Representations of finite dimensional algebras : proceedings of the Tsukuba International Conference (fifth ICRA) held August 13-18, 1990 /
Guardado en:
| Autores Corporativos: | , |
|---|---|
| Otros Autores: | , |
| Formato: | Libro |
| Idioma: | English |
| Publicado: |
Providence, R.I. :
American Mathematical Society for the Canadian Mathematical Society,
1991.
|
| Series: | Conference proceedings (Canadian Mathematical Society) ;
v. 11. |
| Materias: | |
| Etiquetas: |
Agregar Etiqueta
Sin Etiquetas, Sea el primero en etiquetar este registro!
|
| LEADER | 01523cam a2200301 a 4500 | ||
|---|---|---|---|
| 001 | MAT.inmabb004531 | ||
| 008 | 910621s1991####riua#####b####101#0#eng## | ||
| 005 | 20150929172141.0 | ||
| 245 | 1 | 0 | |a Representations of finite dimensional algebras : |b proceedings of the Tsukuba International Conference (fifth ICRA) held August 13-18, 1990 / |c H. Tachikawa and V. Dlab, editors. |
| 260 | |a Providence, R.I. : |b American Mathematical Society for the Canadian Mathematical Society, |c 1991. | ||
| 300 | |a xxii, 322 p. : |b il. ; |c 26 cm. | ||
| 490 | 1 | |a CMS conference proceedings ; |v v. 11 | |
| 500 | |a Cabecera de portada: Canadian Mathematical Society, Société mathématique du Canada. | ||
| 500 | |a "Tsukuba International Conference on Representations of Algebras and Related Topics held at Tsukuba University, Japan, August 13-18, 1990"--T.p. verso. | ||
| 504 | |a Incluye referencias bibliográficas. | ||
| 510 | 4 | |a MR, |c 92h:16002 | |
| 020 | |a 082186016X | ||
| 111 | 2 | |a Tsukuba International Conference on Representations of Algebras and Related Topics |d (1990 : |c Tsukuba University, Japón) | |
| 700 | 1 | |a Tachikawa, Hiroyuki, |d 1930- |4 edt | |
| 700 | 1 | |a Dlab, Vlastimil. |4 edt | |
| 710 | 2 | |a Canadian Mathematical Society. | |
| 830 | 0 | |a Conference proceedings (Canadian Mathematical Society) ; |v v. 11. | |
| 650 | 0 | |a Associative algebras |x Congresses. | |
| 650 | 0 | |a Representations of algebras |x Congresses. | |
| 084 | |a 16-06 |2 msc2000 | ||
| 010 | |a 91024244 | ||
| 040 | |a DLC |c DLC |d DLC | ||
| 859 | |h 16 |i ICRA-5 |p A-8447 |b BIB. MATEMATICA | ||
